| 000 | 01850nam0a2200313 i 4500 | ||
|---|---|---|---|
| 001 | RU\NLR\BIBL_A\010753506 | ||
| 005 | 20240921221411.0 | ||
| 010 |
_a9785923906455 _930 |
||
| 021 |
_aRU _b2015-24385 _91443 |
||
| 035 | _a(NILC)RuMoRGB-007901529 | ||
| 035 | _a(NLR Aleph) 010753506 | ||
| 090 |
_a9951485 _c9951485 |
||
| 100 | _a20150515d2014 um y0rusy50 ca | ||
| 101 | 0 | _arus | |
| 102 | _aRU | ||
| 105 | _aa|||j||||01yy | ||
| 200 | 1 |
_aДинамика лесных фитоценозов _eучебное пособие _eдля студентов, обучающихся по направлению подготовки магистратуры 250100.68 "Лесное дело" _fВ. В. Пахучий _gМ-во образования и науки Российской Федерации, Сыктывкарский лесной ин-т (фил.) Федерального гос. бюджетного образовательного учреждения высш. проф. образования "Санкт-Петербургский гос. лесотехнический ун-т им. С. М. Кирова" (СЛИ), Каф. лесного хоз-ва |
|
| 210 |
_aСыктывкар _cСЛИ _d2014 |
||
| 215 |
_a69 с. _cил. _d21 |
||
| 300 | _aВ вып. дан. авт.: Пахучий В. В., д. с.-х. н., проф. | ||
| 320 | _aБиблиогр.: с. 68-69 | ||
| 606 | 1 |
_aЛесные фитоценозы _jУчебные издания для высших учебных заведений _xИзменчивость _xДинамика _92233719 _3RU\NLR\AUTH\6601572761 |
|
| 686 | 1 | _aП342.5я73 | |
| 700 | 1 |
_aПахучий _bВ. В. _f1948- _gВладимир Васильевич |
|
| 801 | 0 |
_aRU _bРГБ _c20150401 _gRCR |
|
| 942 | _cBOOK | ||
| 980 | _aNBR | ||